Countries Closest to Mongolia by Continent - Statistics

General Stats
  • This quiz has been taken 111 times
  • The average score is 26 of 30
Answer Stats
Continent Distance Country % Correct
Asia 0 km China
100%
Asia 0 km Russia
100%
Europe 1,866 km Russia
100%
Asia 770 km North Korea
97%
North America 3,736 km United States
97%
North America 5,942 km Canada
96%
North America 9,439 km Mexico
96%
Europe 3,395 km Ukraine
96%
South America 13,223 km Brazil
94%
Africa 4,840 km Egypt
94%
South America 12,867 km Colombia
92%
Africa 5,360 km Sudan
89%
Europe 3,764 km Belarus
87%
Asia 37 km Kazakhstan
86%
South America 12,726 km Venezuela
86%
Africa 5,468 km Libya
85%
Africa 5,316 km Somalia
85%
South America 12,881 km Suriname
84%
Europe 3,668 km Finland
83%
South America 12,880 km Guyana
83%
Asia 924 km Kyrgyzstan
83%
North America 11,688 km Cuba
82%
Africa 5,571 km Eritrea
82%
Oceania 5,915 km Papua New Guinea
80%
Oceania 4,533 km Palau
79%
Oceania 4,559 km Micronesia
78%
North America 11,316 km The Bahamas
76%
Oceania 6,930 km Solomon Islands
74%
Oceania 5,758 km Marshall Islands
71%
Europe 3,730 km Norway
65%
No matching quizzes found
Score Distribution
Percent of People with Each Score
Percentile by Number Answered
Your Score History
You have not taken this quiz